Pokémon - Les attaques de Dolman - Statistiques

Statistiques générales
  • Ce quiz a été pris 20 fois
  • Le résultat moyen est 9 sur 13
Statistiques - réponses
Niveaux Types Noms des attaques % Correct
Niveau 36 Roche Éboulement
100%
Départ Roche Jet-Pierres
89%
Niveau 6 Roche Poliroche
89%
Niveau 54 Acier Tacle Lourd
89%
Niveau 24 Normal Écrasement
78%
Niveau 42 Normal Plaquage
78%
Niveau 12 Roche Tomberoche
78%
Niveau 60 Roche Lame de Roc
67%
Niveau 30 Roche Piège de Roc
67%
Niveau 48 Roche Garde Large
56%
Départ Normal Barrage
44%
Niveau 18 Psy Gravité
11%
Niveau 66 Normal Ultimawashi
11%
Aucun quiz correspondant
Distribution des résultats
% des personnes avec chaque résultat
Percentile par nombre de réponses
Votre historique - résultats
Vous n’avez pas pris ce quiz